000
00268nam a2200121 a 4500
005
20141022142006.0
008
080925s19uu xx 00 eng d
050
_a
VCD
_b
T43 1999
245
_a
The titanic.
650
_a
VCD.
650
_a
The titanic.
942
_c
AVM
999
_c
276507
_d
276507